000 00867nam a2200217 i 4500
001 bg
245 0 _aAlgorytmy defektoskopii wiroprądowej /
_c[aut. Konstanty Marek Gawrylczyk et al.].
260 _aSzczecin :
_bWydaw. Uczelniane PS,
_c1992.
300 _a184 :
_brys., wykr. ;
_c24 cm.
490 1 _aPrace Naukowe Politechniki Szczecińskiej. Instytut Elektroniki i Informatyki,
_x0860-3928 ;
_vnr 15
500 _aNumeracja ser. gł. : nr 468.
504 _aBibliogr. s. 175-182.
700 1 _aGAWRYLCZYK, Konstanty Marek.
710 _aPOLITECHNIKA SZCZECIŃSKA (Szczecin). Instytut Elektroniki i Informatyki
830 0 _aPrace Naukowe Politechniki Szczecińskiej.
_pInstytut Elektroniki i Informatyki ;
_vnr 15
040 _cBPK
041 _apol
080 _a620.1:537.8:621.317:519.61/.65
942 _cKS
008 s pl f |000 0 pol
999 _c30055
_d30055
856 _uhttp://koha.tu.koszalin.pl/cgi-bin/koha/opac-detail.pl?biblionumber=30055
_yKatalog online BPK